Problemas actuales de la apologética
Gardado en:
| Autor Principal: | |
|---|---|
| Formato: | Libro |
| Idioma: | Lingua castelá |
| Publicado: |
Barcelona
Herder
1958
|
| Subjects: | |
| Tags: |
Engadir etiqueta
Sen Etiquetas, Sexa o primeiro en etiquetar este rexistro!
|
MARC
| LEADER | 00000nam a2200000 a 4500 | ||
|---|---|---|---|
| 001 | UCR1834 | ||
| 003 | CL-VaPUC | ||
| 008 | 971219e19580000SP |||||||||||||||||spa|d | ||
| 082 | 0 | 4 | |a 239 |b LAI |2 21 |
| 100 | 0 | |a Lais, Hermann |e author |9 399370 | |
| 245 | 1 | 0 | |a Problemas actuales de la apologética |
| 300 | |a 277 p | ||
| 942 | |c BK | ||
| 945 | |d 19971219 00:00:00 |a jquezada | ||
| 260 | |a Barcelona |b Herder |c 1958 | ||
| 650 | 0 | |a Apologética |9 269349 | |
| 650 | 0 | |a Religión católica |9 399371 | |
| 650 | 0 | |a Naturalismo |9 346334 | |
| 650 | 0 | |a Creación |9 313344 | |
| 650 | 0 | |a Origen de la vida |9 262152 | |
| 650 | 0 | |a Evolución |9 259442 | |
| 650 | 0 | |a Eclesiología |9 366152 | |
| 583 | |a last modification |c 20121007 09:52:55 |k Rodrigo Vera | ||
| 999 | |c 265195 |d 265193 | ||
| 952 | |0 0 |1 0 |4 0 |6 239_000000000000000_LAI_1958 |7 0 |8 A |9 296027 |a BIBTEO |b BIBTEO |d 2019-11-20 |i 3384101 |o 239 LAI 1958 |p 3384101 |r 2025-01-17 |w 2019-11-20 |y BK |k ICR | ||
| 952 | |0 0 |1 0 |4 0 |6 239_000000000000000_LAI_1958 |7 0 |8 A |9 296028 |a BIBTEO |b BIBTEO |d 2019-11-20 |i 338411K |o 239 LAI 1958 |p 338411K |r 2025-01-17 |w 2019-11-20 |y BK |k ICR | ||